000 00464pab a2200169 454500
008 180718b1998 xxu||||| |||| 00| 0 eng d
100 _aKhatkhate, Deena
245 _aImpact of volatility of exchange rate of major currencies on foreign exchange management
260 _c1998
300 _ap.465-67
362 _a28 Feb
650 _aMoney
650 _aCurrencies
650 _aForeign exchange
773 _aEconomic and Political Weekly
909 _a36858
999 _c36858
_d36858